U.S. Cities by Picture - Multiple Choice #2 - Statistics

General Stats
  • This quiz has been taken 13 times
  • The average score is 6 of 10
Answer Stats
Question Answer % Correct
Indianapolis
91%
San Francisco
82%
Houston
73%
Honolulu
73%
Washington D.C.
73%
Boston
55%
Phoenix
45%
Albuquerque
45%
Minneapolis
27%
Atlanta
18%
No matching quizzes found
Score Distribution
Percent of People with Each Score
Percentile by Number Answered
Your Score History
You have not taken this quiz